|
|
|
|
| LEADER |
01089nab a2200301 i 4500 |
| 001 |
publ1709 |
| 005 |
20250122145409.0 |
| 008 |
250122s2023 hu o 0|| zxx d |
| 022 |
|
|
|a 2631-8482
|
| 024 |
7 |
|
|a 33668747
|2 mtmt
|
| 040 |
|
|
|a PEREPO PUBLIKACIO
|b hun
|
| 041 |
|
|
|a zxx
|
| 100 |
1 |
|
|a Nagy Roland
|
| 245 |
1 |
0 |
|a High-Resolution Road Segment Analysis using a Multi-Sensor Road Quality Classification System
|h [elektronikus dokumentum] /
|c Roland Nagy
|
| 260 |
|
|
|a Great Britain Journals Press
|c 2023
|
| 300 |
|
|
|a 1-11
|
| 490 |
0 |
|
|a London Journal of Engineering Research
|v 23 No. 1
|
| 650 |
|
4 |
|a Gépjármű
|
| 695 |
|
|
|a road quality measurement
|
| 695 |
|
|
|a vibration
|
| 695 |
|
|
|a classification
|
| 695 |
|
|
|a sensor fusion
|
| 695 |
|
|
|a szenzor - szenzorok
|
| 695 |
|
|
|a klasszifikáció
|
| 695 |
|
|
|a út - úthálózat
|
| 695 |
|
|
|a minőségellenőrzés
|
| 700 |
0 |
1 |
|a Szalai István
|e aut
|
| 856 |
4 |
0 |
|u https://perepo-publikacio.uni-pannon.hu/id/eprint/1709/1/High-Resolution-Road-Segment-Analysis-using-a-Multi-Sensor-Road-Quality-Classification-System.pdf
|z Dokumentum-elérés
|